A dictionary of weights, measures, and units (Record no. 402358)

000 -LEADER
fixed length control field 00398cam a22001337a 4500
008 - FIXED-LENGTH DATA ELEMENTS--GENERAL INFORMATION
fixed length control field 180718b2002 xxu||||| |||| 00| 0 eng d
020 ## - INTERNATIONAL STANDARD BOOK NUMBER
International Standard Book Number 0198605226
082 ## - DEWEY DECIMAL CLASSIFICATION NUMBER
Classification number T82053 F36 (R)
100 ## - MAIN ENTRY--PERSONAL NAME
Personal name Fenna, Donald
245 ## - TITLE STATEMENT
Title A dictionary of weights, measures, and units
Statement of responsibility, etc. by Donald Fenna
260 ## - PUBLICATION, DISTRIBUTION, ETC.
Place of publication, distribution, etc. Oxford
Name of publisher, distributor, etc. Oxford Univ. Press
Date of publication, distribution, etc. 2002
300 ## - PHYSICAL DESCRIPTION
Extent 331p.
650 ## - SUBJECT ADDED ENTRY--TOPICAL TERM
Topical term or geographic name entry element Weights and measures - Dictionaries
Holdings
Withdrawn status Lost status Damaged status Not for loan Permanent Location Current Location Date acquired Full call number Barcode Date last seen Price effective from Koha item type
        Indian Institute of Public Administration Indian Institute of Public Administration 2004-03-22 T82053 F36 (R) 79075 2018-07-21 2018-07-21 Book

Powered by Koha